000 00977cam a2200313Ia 4500
001 1684
003 BD-DhEWU
005 20140529203024.0
008 110604s2000 ii g 000 0 eng d
020 _a8173711038
020 _a0850587700
020 _a9780850587708
035 _a(OCoLC)30402373
040 _aBD-DhEWU
_dBD-DhEWU
_beng
_cBD-DhEWU
041 _aeng
082 0 4 _a658.0440722
_bBES 2000
110 _aThe Economist Intelligence Unit,,
_910582
245 1 0 _aBest practices strategic alliances /
260 _aHyderabad :
_bUniversities Press,
_c2000
300 _av,152 p. ;
_c24 cm
526 _aBA
590 _aSagar Shahanawaz
653 1 _aIndustrial relations Multinational corporations Personnel management
653 1 _aManagement
655 _aCase studies
_910583
856 _3WorldCat details
_uhttp://www.worldcat.org/title/best-practices-strategic-alliances/oclc/30402373&referer=brief_results
942 _cTEXT
_2ddc
953 _a0
999 _c1684
_d1684